<?xml version="1.0" encoding="utf-8"?>
<?xml-stylesheet type='text/xsl' href='./oai2.xsl'?>
<OAI-PMH xmlns="http://www.openarchives.org/OAI/2.0/" xmlns:xsi="http://www.w3.org/2001/XMLSchema-instance" xsi:schemaLocation="http://www.openarchives.org/OAI/2.0/ http://www.openarchives.org/OAI/2.0/OAI-PMH.xsd">
  <responseDate>2026-04-29T14:16:42Z</responseDate>
  <request verb="GetRecord" metadataPrefix="marcxml" identifier="isil_DE-MUS-032215_8853">https://kulturerbe.niedersachsen.de/oai</request>
  <GetRecord>
    <record>
      <header>
        <identifier>isil_DE-MUS-032215_8853</identifier>
        <datestamp>2015-08-06T06:47:05Z</datestamp>
        <setSpec>slg0155</setSpec>
      </header>
      <metadata>
        <marc:record xmlns:marc="http://www.loc.gov/MARC21/slim" xsi:schemaLocation="http://www.loc.gov/MARC21/slim http://www.loc.gov/standards/marcxml/schema/MARC21slim.xsd">
          <marc:leader>12345nrm  22     uu 4500</marc:leader>
          <marc:controlfield tag="001">8853</marc:controlfield>
          <marc:controlfield tag="005">2015-05-19T07:51:00</marc:controlfield>
          <marc:controlfield tag="008">|           ||||||||||||||||||||||</marc:controlfield>
          <marc:datafield tag="245" ind1="1" ind2="0">
            <marc:subfield code="a">Tintengeschirr</marc:subfield>
          </marc:datafield>
          <marc:datafield tag="655" ind1=" " ind2="7">
            <marc:subfield code="a">Kunsthandwerk</marc:subfield>
          </marc:datafield>
          <marc:datafield tag="046" ind1=" " ind2=" ">
            <marc:subfield code="k">1736</marc:subfield>
            <marc:subfield code="k">Mitte 18. Jh.</marc:subfield>
            <marc:subfield code="l">1766</marc:subfield>
          </marc:datafield>
          <marc:datafield tag="260" ind1=" " ind2=" ">
            <marc:subfield code="g">1736</marc:subfield>
            <marc:subfield code="g">1766</marc:subfield>
            <marc:subfield code="g">Mitte 18. Jh.</marc:subfield>
          </marc:datafield>
          <marc:datafield tag="300" ind1=" " ind2=" ">
            <marc:subfield code="a">Breite: 15,10 cm
Höhe: 5,90 cm
Tiefe: 10,90 cm</marc:subfield>
          </marc:datafield>
          <marc:datafield tag="520" ind1=" " ind2=" ">
            <marc:subfield code="a">Scherben: rötlich, Glasur: rosa-weiß, Bemalung: polychrom. Kastenförmiges Tintengeschirr mit vorgesetzter Federablage für zwei Gefäße, beide fehlen. Deck- und Bodenplatte kragen über, die Seiten und die Front der Ablage sind geschweift ausgeschnitten. Unten finden sich vier verjüngte Würfelfüße. Oben sind zwei Löcher (Federkielhalter) zwischen den Gefäßöffnungen. Bemalung: Auf den Wandungen oben und unten Bandzier, auf der Oberseite Blume begleitet von Kreuz und Punktzier. Die Front des Kastens zeigt eine stilisierte Ranke, der Boden der Ablage eine Blütenrispe, die Front Blumenzier. Unbezeichnet.</marc:subfield>
          </marc:datafield>
          <marc:datafield tag="773" ind1="0" ind2=" ">
            <marc:subfield code="t">Die Sammlung Friedrich Soennecken - Schreibgarnituren aus dem 16. bis 20. Jahrhundert</marc:subfield>
          </marc:datafield>
          <marc:datafield tag="852" ind1=" " ind2=" ">
            <marc:subfield code="a">Museumsdorf Cloppenburg - Niedersächsisches Freilichtmuseum</marc:subfield>
          </marc:datafield>
          <marc:datafield tag="852" ind1=" " ind2=" ">
            <marc:subfield code="a">Maingebiet</marc:subfield>
          </marc:datafield>
          <marc:datafield tag="" ind1=" " ind2=" ">
            <marc:subfield code="a">Namensnennung 4.0 International (CC BY 4.0)</marc:subfield>
          </marc:datafield>
        </marc:record>
      </metadata>
    </record>
  </GetRecord>
</OAI-PMH>
